01223nam a22001457a 4500999001900000008004100019100002600060245008500086260003400171300003300205520069000238773003400928942000700962952010800969 c533792d533792260624b ||||| |||| 00| 0 eng d aDandekar, Ajay961319 a Shereen F Ratnagar (1944–2026) : Uncompromising excavator of historical truth aEconomic & Political Weekly  a61(23), Jun 6, 2026: p.30-31 aShereen F Ratnagar was an extraordinary personality in every sense of the term. Born in Mumbai (amchi Mumbai [“our Mumbai” in Marathi], as she would sometimes fondly say), she, perhaps at a very early age, had decided to pursue the past through the lens of the discipline of archaeology. As we know from her, “something clicked,” when she read Mortimer Wheeler’s Archaeology from the Earth (1954) in Class 9. Fortunately, from then on, given Ratnagar’s persistence, there was no looking back on the decision. Thus, the fields of proto history and Indus Valley culture gained. – Reproduced https://www.epw.in/journal/2026/23/commentary/shereen-f-ratnagar-1944-2026.html  aEconomic & Political Weekly  cAR 00102ddc40709408972aIIPAbIIPAd2026-06-24h61(23), Jun 6, 2026: p.30-31pAR139254r2026-06-24yAR